The 47th annual of advertising, editorial & television art & design / (Record no. 12327)

MARC details
000 -CABECERA
campo de control de longitud fija 01073nam a2200253 4500
003 - IDENTIFICADOR DEL NÚMERO DE CONTROL
campo de control OSt
005 - FECHA Y HORA DE LA ÚLTIMA TRANSACCIÓN
campo de control 20260530113917.0
008 - DATOS DE LONGITUD FIJA--INFORMACIÓN GENERAL
campo de control de longitud fija 260508b1968 xxu||||| |||| 00| 0 eng d
040 ## - FUENTE DE LA CATALOGACIÓN
Centro catalogador/agencia de origen ICI
Lengua de catalogación spa
Centro/agencia transcriptor ICI
Normas de descripción rda
050 00 - SIGNATURA TOPOGRÁFICA DE LA BIBLIOTECA DEL CONGRESO
Número de clasificación NC998
Número de documento/Ítem A33 1968
100 ## - ENTRADA PRINCIPAL--NOMBRE DE PERSONA
Término indicativo de función/relación autor
110 2# - ENTRADA PRINCIPAL--NOMBRE DE ENTIDAD CORPORATIVA
Nombre de entidad corporativa o nombre de jurisdicción como elemento de entrada Art Directors Club (New York, N.Y.)
9 (RLIN) 34229
245 14 - MENCIÓN DE TÍTULO
Título The 47th annual of advertising, editorial & television art & design /
Mención de responsabilidad, etc. Art Directors Club of New York ; editor, Richard MacFarlane.
264 #1 - PRODUCCIÓN, PUBLICACIÓN, DISTRIBUCIÓN, FABRICACIÓN Y COPYRIGHT
Producción, publicación, distribución, fabricación y copyright New York :
Nombre del de productor, editor, distribuidor, fabricante Published by Watson-Guptill Publications for the Art Directors Club of New York,
Fecha de producción, publicación, distribución, fabricación o copyright 1968.
300 ## - DESCRIPCIÓN FÍSICA
Extensión 1 volumen (sin paginar) :
Otras características físicas ilustraciones (algunas a color) ;
336 ## - TIPO DE CONTENIDO
Fuente rdacontent
Término de tipo de contenido texto
337 ## - TIPO DE MEDIO
Fuente rdamedia
Nombre/término del tipo de medio sin medio
338 ## - TIPO DE SOPORTE
Fuente rdacarrier
Nombre/término del tipo de soporte volumen
500 ## - NOTA GENERAL
Nota general Basado en la 47ª Exposición Anual del Art Directors Club de Nueva York.
650 #4 - PUNTO DE ACCESO ADICIONAL DE MATERIA--TÉRMINO DE MATERIA
Término de materia o nombre geográfico como elemento de entrada Publicidad
Subdivisión de forma Anuarios.
Subdivisión general Arte comercial
Subdivisión geográfica Estados Unidos
9 (RLIN) 34230
650 #4 - PUNTO DE ACCESO ADICIONAL DE MATERIA--TÉRMINO DE MATERIA
Término de materia o nombre geográfico como elemento de entrada Diseño gráfico
Subdivisión de forma Anuarios.
Subdivisión geográfica Estados Unidos
9 (RLIN) 34231
700 1# - PUNTO DE ACCESO ADICIONAL--NOMBRE DE PERSONA
Nombre de persona MacFarlane, Richard,
Término indicativo de función/relación editor.
9 (RLIN) 34232
942 ## - ELEMENTOS DE PUNTO DE ACCESO ADICIONAL (KOHA)
Fuente del sistema de clasificación o colocación Library of Congress Classification
Suprimir en OPAC 1
Tipo de ítem Koha

No items available.